000 00890nam a2200337Ia 4500
003 OSt
005 20220912144614.0
006 a|||||r|||| 00| 0
007 ta
008 220909b |||||||| |||| 00| 0 eng d
020 _a0136235131 (pbk)
020 _aSL0859881
024 _a193280
037 _cTextual
040 _aCSL
_beng
_cCSL
041 _aeng
082 _aB33,2, N3
100 _aVidyasagar M
245 0 _aNonlinear systems analysis
250 _a2
260 _aNew Jersey
_b Prentice-Hall
_c1993
300 _axi, 498p. ill.
500 _aReferences 486-492p.; Index 493-498p.
650 _a Differential geometric methods
650 _a Lyapunov stability
650 _aSecond-order systems
700 _a Moorthy K Sridhar
700 _aVidyasagar M
942 _hB33,2, N3
_cTEXL
_2CC
999 _c13366
_d13366